Central Library OPAC University of Rajshahi

A modern introduction to ethics : (Record no. 29812)

MARC details
000 -LEADER
fixed length control field 00872cam a22002651 4500
001 - CONTROL NUMBER
control field 29812
003 - CONTROL NUMBER IDENTIFIER
rucl marc code BD-RjUL
005 - DATE AND TIME OF LATEST TRANSACTION
control field 20211209051450.0
008 - FIXED-LENGTH DATA ELEMENTS--GENERAL INFORMATION
fixed length control field 140407r19611958nuy b 001 0 eng
035 ## - SYSTEM CONTROL NUMBER
System control number (BD-RjUL)29897
System control number (OCoLC)374501
040 ## - CATALOGING SOURCE
Original cataloging agency DLC
Transcribing agency ODaWU
Modifying agency OCoLC
-- DLC
-- BD-RjUL
Language of cataloging eng
041 ## - LANGUAGE CODE
Language code of text/sound track or separate title eng
082 ## - DEWEY DECIMAL CLASSIFICATION NUMBER
Classification number 170.82
Author mark and year MOD 1961
245 12 - TITLE STATEMENT
Title A modern introduction to ethics :
Remainder of title readings from classical and contemporary sources /
Statement of responsibility, etc. Edited with introductions by Milton K. Munitz.
260 ## - PUBLICATION, DISTRIBUTION, ETC. (IMPRINT)
Place of publication, distribution, etc. Glencoe, Ill. :
Name of publisher, distributor, etc. Free Press,
Date of publication, distribution, etc. c1958 [Reprinted 1961].
300 ## - PHYSICAL DESCRIPTION
Pagination viii, 657 p. ;
Size 24 cm.
490 0# - SERIES STATEMENT
Series statement The Free Press textbooks in philosophy
504 ## - BIBLIOGRAPHY, ETC. NOTE
Bibliography, etc Includes bibliographical references and indexes.
650 #0 - SUBJECT ADDED ENTRY--TOPICAL TERM
Topical term or geographic name as entry element Ethics.
9 (RLIN) 90736
700 1# - ADDED ENTRY--PERSONAL NAME
Personal name Munitz, Milton Karl.
942 ## - ADDED ENTRY ELEMENTS (KOHA)
Source of classification or shelving scheme Dewey Decimal Classification
Koha item type Books
Holdings
Lost status Source of classification or shelving scheme Damaged status Not for loan Collection code Permanent Location Current Location Shelving location Date acquired Source of acquisition Cost, normal purchase price Total Checkouts Full call number Date last seen Copy number Koha item type
  Dewey Decimal Classification   Added to bundle Non-fiction Central Library, University of Rajshahi Central Library, University of Rajshahi Reading Room 12/03/1963 Zetlinger 56.00   170.82 MOD 1961 07/04/2014 C-1 Books